| 000 | 00555nam a22001697a 4500 | ||
|---|---|---|---|
| 005 | 20251108164658.0 | ||
| 008 | 250721s1988 xx 000 0 ara d | ||
| 082 | 1 | 4 | _a742/عما |
| 100 | 1 | _aالبكري، عماد محمد أزهر | |
| 245 | 1 | 0 | _aالظل و المنظور / |
| 264 | 1 |
_aالموصل : _bوزارة التعليم العالي و البحث العلمي - جامعة الموصل، _c1988. |
|
| 300 | _a196ص | ||
| 650 | 1 | 7 | _aالرسم المنظوري |
| 650 | 1 | 7 | _aالرسم الهندسي |
| 942 |
_2ddc _cBK |
||
| 999 |
_c11651 _d11651 |
||